| 000 | 00608nam a22001817a 4500 | ||
|---|---|---|---|
| 999 |
_c16606 _d16606 |
||
| 003 | OSt | ||
| 005 | 20171109151547.0 | ||
| 008 | 171107b xxu||||| |||| 00| 0 eng d | ||
| 020 | _a023751186 | ||
| 040 |
_aKABU _cKABU |
||
| 050 |
_aPL8704 _b.R63K87 2011 |
||
| 100 | _aRobert, Shaaban Bin | ||
| 245 |
_aKusadikika : _bnchi iliyo angani / _cShaaban Bin Robert |
||
| 260 |
_aNairobi _bEvans Brothers Kenya Limited _c2011 |
||
| 300 | _aviii, 67 p. | ||
| 650 | _aSwahili literature | ||
| 942 |
_2lcc _cBK _hPL8704 _i.R63K87 2011 |
||